KOHA-Header-6

Waqt ki taqat (Record no. 2507)

000 -LEADER
fixed length control field 00246nam a2200109Ia 4500
008 - FIXED-LENGTH DATA ELEMENTS--GENERAL INFORMATION
fixed length control field 190802s9999 xx 000 0 und d
100 ## - MAIN ENTRY--PERSONAL NAME
Personal name Malik Ashfaq
245 #0 - TITLE STATEMENT
Title Waqt ki taqat
260 ## - PUBLICATION, DISTRIBUTION, ETC. (IMPRINT)
Place of publication, distribution, etc Lahore
Name of publisher, distributor, etc Book Home
Date of publication, distribution, etc 2018
300 ## - PHYSICAL DESCRIPTION
Extent 240:p
942 ## - ADDED ENTRY ELEMENTS (KOHA)
Koha item type Books
Holdings
Withdrawn status Lost status Source of classification or shelving scheme Damaged status Not for loan Collection code Permanent Location Current Location Shelving location Date acquired Total Checkouts Full call number Barcode Date last seen Date checked out Price effective from Koha item type
          Urdu Literature MAJU MAJU   2019-08-03 1 650.11 9130 2022-09-26 2021-11-06 2019-08-03 Urdu Literature

Powered by Koha